000 00474nam a2200169Ia 4500
008 240729s9999 xx 000 0 und d
022 _a2550-4800
245 0 _aJournal of Applied Surfaces and Interfaces
260 _aMorocco
260 _bFaculté Polydisciplinaire de Khouribga
650 _a Chemistry
650 _a Physics | Science
650 _aScience
856 _uhttps://doaj.org/toc/ea1fadcc99b549419214f441f181fb1b
942 _2ddc
942 _cDOAJEJ
999 _c65727
_d65727
945 _a1
_bMadushi Gamage
_c1
_dMadushi Gamage